| 000 | 00567nam a2200181 i 4500 | ||
|---|---|---|---|
| 001 | 87878 | ||
| 003 | ES-MaACL | ||
| 005 | 20230906175746.0 | ||
| 007 | t| | ||
| 008 | 041227s1950 fr ||||1| fre d | ||
| 100 | 1 |
_aLacombe, Jacques. _969380 |
|
| 245 | 1 | 3 |
_aLa responsabilité du transporteur aerien pour retard / _cpar J. Lacombe et M. Saporta. |
| 260 |
_a[S.l. : _bs.n., _c1950?] |
||
| 300 |
_a6 p. ; _c25 cm. |
||
| 500 | _aEs Separata de: Revue Générale de l'Air, 1950, p. 682-692. | ||
| 700 | 1 |
_aSaporta, M. _9103724 |
|
| 852 |
_aES-MaACL _j1928-F-6 _bR.31310 |
||
| 999 |
_c87878 _d87878 |
||